Laghutara Hindī śabdasāgara. (Record no. 61240)

MARC details
000 -LEADER
fixed length control field 00543cam a22002051 4500
001 - CONTROL NUMBER
control field sa 64009076
003 - CONTROL NUMBER IDENTIFIER
control field DLC
005 - DATE AND TIME OF LATEST TRANSACTION
control field 20260227112059.0
008 - FIXED-LENGTH DATA ELEMENTS--GENERAL INFORMATION
fixed length control field 881102s1964 xx 000 0 hino
010 ## - LIBRARY OF CONGRESS CONTROL NUMBER
LC control number sa 64009076
035 ## - SYSTEM CONTROL NUMBER
System control number (OCoLC)23539100
040 ## - CATALOGING SOURCE
Original cataloging agency DLC
Transcribing agency MiU
Modifying agency DLC
050 00 - LIBRARY OF CONGRESS CALL NUMBER
Classification number PK1937
Item number .L3
245 00 - TITLE STATEMENT
Title Laghutara Hindī śabdasāgara.
260 ## - PUBLICATION, DISTRIBUTION, ETC.
Date of publication, distribution, etc. [1964]
300 ## - PHYSICAL DESCRIPTION
Extent 3, 4, 1254 p.
Dimensions 14 cm.
650 #0 - SUBJECT ADDED ENTRY--TOPICAL TERM
Topical term or geographic name entry element Hindi language
Form subdivision Dictionaries.
700 1# - ADDED ENTRY--PERSONAL NAME
Personal name Tripāṭhī, Karuṇāpati
Relator term ed.
830 #0 - SERIES ADDED ENTRY--UNIFORM TITLE
Uniform title Kośa granthamālā ;
Volume/sequential designation 4.

No items available.

Powered by Koha